New Horizons for a Data-Driven Economy: A Roadmap for Usage and Exploitation of Big Data in Europe (Record no. 33955)
[ view plain ]
| 000 -LEADER | |
|---|---|
| fixed length control field | 00716nam a2200121Ia 4500 |
| 008 - FIXED-LENGTH DATA ELEMENTS--GENERAL INFORMATION | |
| fixed length control field | 220620s9999||||xx |||||||||||||| ||und|| |
| 245 #0 - TITLE STATEMENT | |
| Title | New Horizons for a Data-Driven Economy: A Roadmap for Usage and Exploitation of Big Data in Europe |
| 546 ## - LANGUAGE NOTE | |
| Language note | English[eng] |
| 650 ## - SUBJECT ADDED ENTRY--TOPICAL TERM | |
| Topical term or geographic name entry element | Information Storage and Retrieval||Innovation/Technology Management||Computer Applications||Computers and Society||Big data |
| 700 ## - ADDED ENTRY--PERSONAL NAME | |
| Personal name | Cavanillas, José MarÃa||Curry, Edward||Wahlster, Wolfgang |
| 856 ## - ELECTRONIC LOCATION AND ACCESS | |
| Uniform Resource Identifier | <a href="https://library.oapen.org/bitstream/20.500.12657/27764/1/1002241.pdf||https://library.oapen.org/bitstream/20.500.12657/27764/1/1002241.pdf||https://library.oapen.org/bitstream/20.500.12657/27764/1/1002241.pdf">https://library.oapen.org/bitstream/20.500.12657/27764/1/1002241.pdf||https://library.oapen.org/bitstream/20.500.12657/27764/1/1002241.pdf||https://library.oapen.org/bitstream/20.500.12657/27764/1/1002241.pdf</a> |
| 942 ## - ADDED ENTRY ELEMENTS (KOHA) | |
| Koha item type | E-Books |
| Withdrawn status | Lost status | Damaged status | Not for loan | Home library | Current library | Date acquired | Total Checkouts | Date last seen | Price effective from | Koha item type |
|---|---|---|---|---|---|---|---|---|---|---|
| Kerala University of Digital Sciences, Innovation and Technology Knowledge Centre | Kerala University of Digital Sciences, Innovation and Technology Knowledge Centre | 20/06/2022 | 20/06/2022 | 20/06/2022 | E-Books |